| 000 | 00504nam a2200193Ia 4500 | ||
|---|---|---|---|
| 003 | OSt | ||
| 005 | 20220512100640.0 | ||
| 008 | 210210b1997 xxu||||| |||| 00| 0 eng d | ||
| 040 |
_aAL _c |
||
| 041 | _aEnglish | ||
| 082 | _a510.2465 RAJB | ||
| 100 |
_aRAJARAM (Y) & SAMPANGIRAM (C S). _936225 |
||
| 245 | _aBusiness mathematics I PUC | ||
| 260 |
_aBangalore _bHimalaya Publishing House _c1997 |
||
| 300 | _aviii,275 | ||
| 690 |
_aBusiness Mathematics _936226 |
||
| 906 | _a052036 | ||
| 942 |
_2ddc _cBK |
||
| 999 |
_c100349 _d100349 |
||